000 00560nam a22001937a 4500
005 20140102110726.0
010 _aENG-108931
020 _a9788186208106
_c895.00
035 _aEN-92464
037 _bDBAD/PUB
082 _a323.0954
245 _aHuman rights in India /
_cedited by Aftab Alam
260 _aNew Delhi
_bRaj Publications
_c2012
270 _a108, 4855/24, Ansari Road, Daryaganj
_bNew Delhi
_e110002
300 _a400p.
_c22cm(Hb)
500 _aIncludes index
700 _a Aftab Alam
942 _2ddc
_cEN
_mHUM
_h323.0954
999 _c81362
_d81362